000 00584nam a2200241Ia 4500
003 OSt
005 20221005124705.0
006 a|||||r|||| 00| 0
007 ta
008 221004b |||||||| |||| 00| 0 tam d
024 _a49247
037 _cTextual
040 _aCRL
_cCRL
_btam
041 _2tam
_atam
082 _aO31,2NYO,1, K2
100 _aYogi Au.
_9635635
245 0 _aNavabharatham
260 _c1962
300 _a61p.
_ccm.
650 _aTAMIL DRAMA
_9192671
942 _hO31,2NYO,1, K2
_cTEXL
_2cc
999 _c1051316
_d1051316